Вып. 10; Адаптивные системы автоматического управления

Dades bibliogràfiques
Parent link:Адаптивные системы автоматического управления: республиканский межведомственный научно-технический сборник/ Киевский политехнический институт (КПИ). Вып. 10.— , 1973-1992
Altres autors: Костюк В. И. (редактор)
Idioma:rus
Publicat: 1982
Matèries:
Format: Llibre
KOHA link:https://koha.lib.tpu.ru/cgi-bin/koha/opac-detail.pl?biblionumber=265568

MARC

LEADER 00000nam2a2200000 4500
001 265568
005 20231101233931.0
035 |a (RuTPU)RU\TPU\book\288570 
035 |a RU\TPU\book\281193 
090 |a 265568 
100 |a 20140626d1982 k y0rusy50 ca 
101 0 |a rus 
102 |a UA 
105 |a a z 001zy 
200 0 |a Вып. 10  |f под ред. В. И. Костюка 
210 |d 1982 
215 |a 131 с.  |c ил. 
320 |a Библиогр. в конце статей 
461 1 |0 (RuTPU)RU\TPU\book\284295  |t Адаптивные системы автоматического управления  |o республиканский межведомственный научно-технический сборник  |f Киевский политехнический институт (КПИ)  |v Вып. 10  |d 1973-1992 
606 1 |a Адаптивные системы  |2 stltpush  |3 (RuTPU)RU\TPU\subj\1514  |9 30286 
610 1 |a автоматическое управление 
610 1 |a нестационарные системы 
610 1 |a алгоритмы 
610 1 |a технологические процессы 
610 1 |a функционирование 
610 1 |a системы с запаздыванием 
610 1 |a самонастраивающиеся системы 
675 |a 681.513.6  |v 3 
702 1 |a Костюк  |b В. И.  |4 340 
801 1 |a RU  |b 63413507  |c 20091027 
801 2 |a RU  |b 63413507  |c 20200117  |g RCR 
942 |c BK